| 000 | 06662namaa22004331i 4500 | ||
|---|---|---|---|
| 003 | EG-GICUC | ||
| 005 | 20260415123134.0 | ||
| 008 | 260401s2025 ua a|||frm||| 000 0 eng d | ||
| 040 |
_aEG-GICUC _beng _cEG-GICUC _dEG-GICUC _erda |
||
| 041 | 0 |
_aeng _beng _bara |
|
| 049 | _aDeposit | ||
| 082 | 0 | 4 | _a615.82 |
| 092 |
_a615.82 _221 |
||
| 097 | _aPh.D | ||
| 099 | _aCai01.21.04.Ph.D.2025.Ah.E | ||
| 100 | 0 |
_aAhmed Gamal Ibrahim Abdel Atty, _epreparation. |
|
| 245 | 1 | 0 |
_aEfficacy of non-thermal ultrasound on breast engorgement in post-partum women / _cby Ahmed Gamal Ibrahim Abdel Atty ; Supervisors Prof. Dr. Magda Sayed Morsy,Prof. Dr. Mohamed Fawzy Abo Elanin. |
| 246 | 1 | 5 | _aفعالية الموجات فوق الصوتية الغير حرارية على احتقان الثدي لدى النساء بعد الولادة |
| 264 | 0 | _c2025. | |
| 300 |
_a178 pages : _billustrations ; _c25 cm. + _eCD. |
||
| 336 |
_atext _2rda content |
||
| 337 |
_aUnmediated _2rdamedia |
||
| 338 |
_avolume _2rdacarrier |
||
| 502 | _aThesis (Ph.D)-Cairo University, 2025. | ||
| 504 | _aBibliography: pages 143-158. | ||
| 520 | 3 | _aBackground: Breast engorgement is one of the main reasons why women throughout the world stop or reduce the duration of breast feeding. Breast engorgement may result in swelling of the breast, hardness, aching, tenderness, and pain. Breast engorgement occurs in 72% to 85% of women. Aim of the study: to compare the efficacy of non-thermal ultrasound in the management of breast engorgement in Post-Partum Women. Subjects and methods: this study was carried out on Forty females diagnosed with breast engorgement participated in this study, they were selected randomly from Mubarak General Hospital, Giza Governorate and they were divided into two groups equal in number. Group(A) (twenty patients) All of them treated by non-thermal therapeutic ultrasound along with conventional treatment from the third day after delivery daily for seven days. Also, they advised to do conventional treatment for their breasts in the form of hot packs, massage and ice packs. Group (B) (twenty patients) All of them treated with conventional treatment only daily for 7days as in group (A). Results: at the end of the treatment course, percentage of improvement in VAS, 6- point self-rated breast engorgement scale, Redness scoring scale , Edema scoring scale, cortisol level and CRP (C- reactive protein) in the blood was significantly high in the group (A) compared to the group (B) which mean that The use of therapeutic non-thermal ultrasound is very effective in relieving breast engorgement after delivery. Conclusion: The use of therapeutic non-thermal ultrasound is very effective modality to decrease pain, inflammation, tenderness, redness, and edema in breast engorgement after delivery and is recommended for use in physiotherapy clinical settings. | |
| 520 | 3 | _aلخلفية: يُعَدُّ احتقان الثدي أحد الأسباب الرئيسية التي تدفع النساء في مختلف أنحاء العالم إلى التوقف عن الرضاعة الطبيعية أو تقليل مدتها. وقد يؤدي احتقان الثدي إلى تورم في الثدي، وتصلب، وألم، وحساسية زائدة، وشعور بعدم الارتياح. ويحدث احتقان الثدي لدى ما بين 72% إلى 85% من النساء بعد الولادة. هدف الدراسة: تهدف هذه الدراسة إلى مقارنة فاعلية الموجات فوق الصوتية غير الحرارية في علاج احتقان الثدي لدى النساء بعد الولادة. المواد والأساليب: أُجريت هذه الدراسة على أربعين سيدة تم تشخيص إصابتهن باحتقان الثدي، وتم اختيارهن عشوائيًا من مستشفى مبارك العام بمحافظة الجيزة. تم تقسيم المشاركات إلى مجموعتين متساويتين في العدد: المجموعة (أ): (عشرون مريضة) تلقّين علاجًا بالموجات فوق الصوتية العلاجية غير الحرارية بالإضافة إلى العلاج التقليدي، وذلك بدءًا من اليوم الثالث بعد الولادة ولمدة سبعة أيام متتالية. كما تم توجيههن لاستخدام العلاج التقليدي للثدي والذي يشمل الكمادات الدافئة، والتدليك، والكمادات الباردة. المجموعة (ب): (عشرون مريضة) تلقّين العلاج التقليدي فقط يوميًا لمدة سبعة أيام، بنفس الطريقة المطبقة في المجموعة (أ). النتائج: في نهاية فترة العلاج، أظهرت المجموعة (أ) نسبة تحسن أعلى بشكل ملحوظ مقارنة بالمجموعة(ب) في كل من مقياس الألم البصري , ومقياس احتقان الثدي الذاتي المكوَّن من ست نقاط، ومقياس احمرار الجلد, ومقياس التورم, بالإضافة إلى مستويات الكورتيزول وبروتين سي التفاعلي فى الدم. وتشير هذه النتائج إلى أن استخدام الموجات فوق الصوتية العلاجية غير الحرارية فعّال للغاية في تخفيف احتقان الثدي بعد الولادة. الاستنتاج: تُعَدُّ الموجات فوق الصوتية العلاجية غير الحرارية وسيلة فعّالة لتقليل الألم، والالتهاب، والحساسية، والاحمرار، والتورم المصاحب لاحتقان الثدي بعد الولادة، ويوصى باستخدامها في الممارسات الإكلينيكية للعلاج الطبيعي. | |
| 530 | _aIssues also as CD. | ||
| 546 | _aText in English and abstract in Arabic & English. | ||
| 650 | 0 | _aPhysical Therapy | |
| 650 | 0 | _aالعلاج الطبيعى | |
| 653 | 1 |
_aBreast engorgement _anon-thermal ultrasound _apostpartum _apain _aاحتقان الثدي _aالموجات فوق الصوتية غير الحرارية |
|
| 700 | 0 |
_aMagda Sayed Morsy _ethesis advisor. |
|
| 700 | 0 |
_aMohamed Fawzy Abo Elanin _ethesis advisor. |
|
| 900 |
_b01-01-2025 _cMagda Sayed Morsy _cMohamed Fawzy Abo Elanin _UCairo University _FFaculty of Physical Therapy _DDepartment of Physical Therapy for Women's Health |
||
| 905 |
_aShimaa _eEman Ghareb |
||
| 942 |
_2ddc _cTH _e21 _n0 |
||
| 999 | _c179127 | ||